| 000 | 00402cam a2200145ua 4500 | ||
|---|---|---|---|
| 041 |
_aeng _h |
||
| 082 |
_a631.4012 _bKOL/SO |
||
| 100 | _aKolay, A.K . | ||
| 245 |
_aSoil genesis classificationsurvey and evaluation, Vol. 1 / _cA.K.Kolay. _hTextual Documents |
||
| 260 |
_a : _bAtlantic publishers and distributers , _c2007. |
||
| 300 | _a348 ; . | ||
| 504 | _a | ||
| 942 | _cBK | ||
| 999 |
_c13170 _d13170 |
||